000 00888nam a2200217 a 4500
001 000041075
005 20201002034610.0
008 130917s1991 sp 001 0 spa d
020 _a8400071166
040 _aDO-SdBNP
_bspa
_cBNPHU
100 1 _aSteiger, Arnold
_967578
245 1 0 _aContribución a la fonética del hispano-árabe y de los arabismos en el ibero-románico y el siciliano /
_cArnald Steiger.
260 _aMadrid :
_bConsejo Superior de Invesigaciones Científicas,
_c1991.
300 _a519 p. ;
_c25 cm.
490 1 _aBiblioteca de Filología Hispánica ;
_v2
500 _aTextos en es español, italiano, dialectos
504 _aBibliografía : p. 16-35
504 _aIncluye referencia bibliográficos y notas al pie de las páginas
710 2 _aConsejo Superior de Invesigaciones Científicas
_967474
830 0 _aBiblioteca de Filología Hispánica
_n2
_967579
999 _c40565
_d40565